Case studies in spatial point process modeling

Αποθηκεύτηκε σε:
Λεπτομέρειες βιβλιογραφικής εγγραφής
Άλλοι συγγραφείς: Baddeley, Adrian (Επιμελητής έκδοσης)
Μορφή: Βιβλίο
Γλώσσα:English
Δημοσίευση: New York : Springer, c2006
Σειρά:Lecture notes in statistics (Springer-Verlag) ; 185
Θέματα:
Ετικέτες: Προσθήκη ετικέτας
Δεν υπάρχουν, Καταχωρήστε ετικέτα πρώτοι!

MARC

LEADER 00000nam a2200000 i 4500
001 1/48600
008 070719s2006 eng d
020 |a 0-387-28311-0 
035 |l 10088960 
040 |a GR-MY-UA  |b gre  |e aacr 
041 0 |a eng 
082 0 |a 519.23  |2 (22) 
245 1 0 |a Case studies in spatial point process modeling /  |c Adrian Baddeley ... [et al.] (eds.) 
260 |a New York :   |b Springer,   |c c2006 
300 |a xvii, 306 σ.;  |b εικ., χάρτες;  |c 24 εκ. 
490 1 |a Lecture notes in statistics  |v ; 185 
500 |a Η πλειοψηφία των συμβολών σ'αυτό το βιβλίο επαναπαρουσίασαν μια αναθεωρημένη έκδοση των εργασιών που παρουσιάστηκαν σε συνέδριο με θέμα "spatial point process modelling and its applications" που πραγματοποιήθηκε μια εβδομάδα πριν το Πάσχα του 2004 στο Benicassim, Castellon στην Ισπανία 
500 |a Περιέχει 107 εικονογραφήσεις 
504 |a Περιέχει βιβλιογραφικές παραπομπές 
650 0 0 |a Point processes  |x Congresses. 
650 0 0 |a Spatial analysis (Statistics)  |x Congresses. 
700 1 |a Baddeley, Adrian.  |4 edt 
830 0 |a Lecture notes in statistics (Springer-Verlag)  |v ; 185 
852 |a INST  |b LESVOS  |e 20070719  |h 519.23 CAS  |p 005100041421  |q 005100041421  |t BK  |y 0 
901 |a BIBL1-2007-2 
909 |a Λ  |b 135952 
922 |a 1ΕΛΗ  |b 200706  |c ΕΠΕΑΕΚ2/ΤΓ  |d ΕΛΕΥΘΕΡΟΥΔΑΚΗΣ 
970 |a ΚΑΡΑ  |b ΓΙΑΣΕΜΗ  |z 2007/07/19